[Event "Russian Championship B13 1st league 2016"]
[Site "Loo"]
[Date "2016.04.24"]
[Round "5.34"]
[White "Tsybulkin, Ivan"]
[Black "Zakaryaev, Murad"]
[Result "1-0"]
[WhiteElo "1685"]
[BlackElo "1506"]
[PlyCount "85"]
[EventDate "2016.04.20"]

1. d4 d5 2. Bf4 Nf6 3. e3 Bf5 4. Nf3 e6 5. c4 c6 6. Qb3 Qc8 7. Nbd2 Be7 8. Bd3
Bxd3 9. Qxd3 Nbd7 10. c5 O-O 11. Rc1 h6 12. O-O Nh5 13. Bg3 Nxg3 14. hxg3 Bf6
15. b4 e5 16. Qb3 exd4 17. exd4 Re8 18. Rfe1 Qc7 19. a4 b6 20. Rxe8+ Rxe8 21.
cxb6 axb6 22. Qxd5 Nc5 23. Qc4 Nxa4 24. b5 Qa7 25. Ra1 cxb5 26. Qxb5 Ra8 27.
Ne4 Qa5 28. Nxf6+ gxf6 29. Qc6 b5 30. Qxf6 b4 31. Ne5 Qd5 32. Ng4 Qe6 33. Qf3
Ra7 34. d5 Qd6 35. Nf6+ Kh8 36. Qf5 Kg7 37. Ne8+ Kf8 38. Nxd6 b3 39. Rb1 b2 40.
Nc4 Rc7 41. Rxb2 Nxb2 42. Nxb2 Rc1+ 43. Kh2 1-0

[Event "Russian Championship B13 1st league 2016"]
[Site "Loo"]
[Date "2016.04.24"]
[Round "5.35"]
[White "Goryachev, Ivan"]
[Black "Yashin, Vladimir"]
[Result "1-0"]
[WhiteElo "1670"]
[BlackElo "1454"]
[PlyCount "77"]
[EventDate "2016.04.20"]

1. e4 c6 2. d4 d5 3. Nc3 dxe4 4. Nxe4 Bf5 5. Ng3 Bg6 6. Nf3 e6 7. h4 h6 8. Ne5
Bh7 9. Bd3 Bxd3 10. Qxd3 Nf6 11. f4 Nbd7 12. Bd2 Bd6 13. O-O-O Qc7 14. Kb1 Nb6
15. Qe2 O-O-O 16. Ba5 Rhf8 17. c4 c5 18. Rc1 Bxe5 19. fxe5 Rxd4 20. Rcd1 Rxd1+
21. Rxd1 Nfd7 22. Rd6 Nb8 23. b3 Nc6 24. Bc3 Nd7 25. Qb2 Re8 26. Ne4 Kb8 27.
Rd1 Rf8 28. Rd6 Ne7 29. Qd2 Nb6 30. Ba5 Nf5 31. Rd3 Nd4 32. Nxc5 Qxc5 33. Rxd4
Qc7 34. Rd6 Re8 35. Qd4 f6 36. c5 fxe5 37. Qxe5 Ka8 38. cxb6 axb6 39. Bxb6 1-0

[Event "Russian Championship B13 1st league 2016"]
[Site "Loo"]
[Date "2016.04.24"]
[Round "5.36"]
[White "Karnaukhov, Evgenii"]
[Black "Shvetko, Roman"]
[Result "1-0"]
[WhiteElo "1452"]
[BlackElo "1667"]
[PlyCount "53"]
[EventDate "2016.04.20"]

1. e4 d5 2. exd5 Qxd5 3. Nc3 Qa5 4. d4 Nf6 5. Bc4 Bg4 6. Nf3 c6 7. h3 Bh5 8. g4
Bg6 9. Ne5 e6 10. h4 Be4 11. f3 Bd5 12. Bd2 Qb6 13. Ne2 Bd6 14. Bxd5 exd5 15.
Bf4 Bxe5 16. dxe5 Nfd7 17. b3 Qb4+ 18. c3 Qe7 19. Qd4 O-O 20. O-O-O Na6 21. g5
Rfe8 22. Ng3 Nxe5 23. Rde1 Qa3+ 24. Kb1 Nd7 25. Nh5 f6 26. gxf6 Qc5 27. f7+ 1-0

[Event "Russian Championship B13 1st league 2016"]
[Site "Loo"]
[Date "2016.04.24"]
[Round "5.37"]
[White "Romanov, Alamin"]
[Black "Karavaev, Aleksandr"]
[Result "1-0"]
[WhiteElo "1452"]
[BlackElo "1662"]
[PlyCount "71"]
[EventDate "2016.04.20"]

1. e4 c5 2. Nf3 d6 3. d4 Nf6 4. Nc3 cxd4 5. Nxd4 a6 6. Be2 g6 7. Be3 Bg7 8. O-O
O-O 9. f4 Nc6 10. f5 Bd7 11. Qd2 Ne5 12. Bh6 Bxh6 13. Qxh6 Qb6 14. Qd2 Nc6 15.
Rad1 Rac8 16. Kh1 Nxd4 17. Qxd4 Qxb2 18. Rf3 Qxc2 19. fxg6 hxg6 20. Rd2 Qc1+
21. Rd1 Qg5 22. Rg3 Qc5 23. Qd3 Be6 24. Nd5 Bxd5 25. exd5 Qc2 26. Qf3 Qe4 27.
Qf2 Qh4 28. Rxg6+ fxg6 29. Qxh4 Kg7 30. g4 Rh8 31. Qg5 Rc2 32. Rd2 Ne4 33.
Qxe7+ Kh6 34. Rxc2 Ng5 35. a4 Nf7 36. Qxf7 1-0

[Event "Russian Championship B13 1st league 2016"]
[Site "Loo"]
[Date "2016.04.24"]
[Round "5.38"]
[White "Yadigarov, Aivaz"]
[Black "Lebedev, Nikita"]
[Result "1/2-1/2"]
[WhiteElo "1441"]
[BlackElo "1629"]
[PlyCount "175"]
[EventDate "2016.04.20"]

1. d4 Nf6 2. c4 g6 3. Nc3 Bg7 4. e4 d6 5. h3 O-O 6. Nf3 e5 7. d5 Ne8 8. Bg5 f6
9. Bh4 g5 10. Bg3 f5 11. exf5 Bxf5 12. Bd3 e4 13. Nxe4 Bxe4 14. Bxe4 Bxb2 15.
Rb1 Bc3+ 16. Kf1 Ba5 17. Qd3 Qe7 18. h4 Nf6 19. Nxg5 Nxe4 20. Qxe4 Qxe4 21.
Nxe4 Nd7 22. Ke2 Rae8 23. Kd3 h6 24. f3 Nf6 25. Nxf6+ Rxf6 26. Bf2 b6 27. Bd4
Rf7 28. Bc3 Bxc3 29. Kxc3 Rg7 30. Rhg1 Re2 31. Rb2 Re3+ 32. Kb4 Rxf3 33. gxf3
Rxg1 34. Kb5 a5 35. Kc6 Rg7 36. Re2 Kf8 37. Re6 a4 38. a3 h5 39. Kb5 Rf7 40.
Re4 Rxf3 41. Kxa4 Rg3 42. Kb5 Rg4 43. Re1 Rxh4 44. a4 Rg4 45. Rf1+ Ke7 46. a5
bxa5 47. Kxa5 h4 48. Kb5 Kd7 49. Rh1 c6+ 50. dxc6+ Kc7 51. Rh3 Rg5+ 52. Kb4 Rh5
53. Kc3 Kxc6 54. Kd4 Rh6 55. Ke4 Kc5 56. Kd3 Rh5 57. Kc3 Kc6 58. Kd4 Kd7 59.
Kd3 Ke6 60. Ke4 Kf6 61. Rd3 Ke6 62. Rh3 Rh6 63. Kf4 Rh5 64. Ke4 Re5+ 65. Kd4
Rh5 66. Ke4 Ke7 67. Kf4 Rc5 68. Rc3 h3 69. Kg3 Rh5 70. Kh2 Ke6 71. Rc2 Kd7 72.
Ra2 Rh4 73. Rc2 Kc6 74. Ra2 Rxc4 75. Kxh3 Re4 76. Kg3 d5 77. Kf3 Re8 78. Re2
Rh8 79. Ke3 Rh3+ 80. Kd4 Kd6 81. Re3 Rh4+ 82. Kd3 Kc5 83. Rf3 Ra4 84. Kc2 d4
85. Rf8 Rc4+ 86. Kd2 Rb4 87. Rc8+ Kd6 88. Rd8+ 1/2-1/2

[Event "Russian Championship B13 1st league 2016"]
[Site "Loo"]
[Date "2016.04.24"]
[Round "5.39"]
[White "Ivlev, Aleksandr"]
[Black "Abdulaev, Almaz"]
[Result "1/2-1/2"]
[WhiteElo "1625"]
[BlackElo "1451"]
[PlyCount "84"]
[EventDate "2016.04.20"]

1. c4 e5 2. Nc3 Nf6 3. g3 d5 4. cxd5 Nxd5 5. Bg2 Nb6 6. Nf3 Nc6 7. O-O Bd6 8.
d3 O-O 9. a3 a5 10. Rb1 Be6 11. Bd2 a4 12. Ne4 Bb3 13. Qc1 f6 14. Nc5 Bxc5 15.
Qxc5 Re8 16. Be3 Ra5 17. Qc1 Nd4 18. Nxd4 exd4 19. Bf4 c6 20. e4 Nd7 21. Bd6
Ne5 22. Bxe5 fxe5 23. f4 Qe7 24. Qd2 Raa8 25. fxe5 Qxe5 26. Rf5 Qe7 27. Rbf1
Rf8 28. Rxf8+ Rxf8 29. Rxf8+ Qxf8 30. Qf4 Qxf4 31. gxf4 Kf7 32. Kf2 Kf6 33. Bh3
Be6 34. Bxe6 Kxe6 35. h4 g6 36. Ke2 b5 37. Kd2 c5 38. Kc2 c4 39. Kd2 h5 40. Kc2
Kd6 41. Kc1 Kc5 42. Kc2 Kd6 1/2-1/2

[Event "Russian Championship B13 1st league 2016"]
[Site "Loo"]
[Date "2016.04.24"]
[Round "5.40"]
[White "Anchikov, Vladimir"]
[Black "Shkrebko, Mikhail"]
[Result "1-0"]
[WhiteElo "1619"]
[BlackElo "1407"]
[PlyCount "45"]
[EventDate "2016.04.20"]

1. e4 c6 2. d4 d5 3. Nc3 dxe4 4. Nxe4 Bf5 5. Ng3 Bg6 6. h4 h6 7. h5 Bh7 8. Nf3
Nd7 9. Bd3 Bxd3 10. Qxd3 Ngf6 11. Bd2 e6 12. O-O-O Be7 13. Ne4 O-O 14. Nxf6+
Nxf6 15. g4 Nxg4 16. Rhg1 f5 17. Qe2 Qe8 18. Ne5 Qxh5 19. Nxg4 fxg4 20. Qxe6+
Qf7 21. Qxg4 Kh8 22. Rg2 Bf6 23. Rh1 1-0

[Event "Russian Championship B13 1st league 2016"]
[Site "Loo"]
[Date "2016.04.24"]
[Round "5.41"]
[White "Chelebaev, Mikhail"]
[Black "Kozlov, Denis"]
[Result "0-1"]
[WhiteElo "1397"]
[BlackElo "1617"]
[PlyCount "58"]
[EventDate "2016.04.20"]

1. c4 c6 2. g3 d5 3. Bg2 Nf6 4. Nf3 Bf5 5. O-O e6 6. d3 Nbd7 7. Nc3 h6 8. b3
Be7 9. Bb2 O-O 10. Rc1 a5 11. e3 Re8 12. Qd2 Nc5 13. d4 Nce4 14. Nxe4 Nxe4 15.
Qe2 dxc4 16. Rxc4 Qb6 17. Nd2 Nd6 18. Rcc1 a4 19. Nc4 Qb5 20. Rfe1 axb3 21.
Nxd6 Qxe2 22. Rxe2 Bxd6 23. axb3 Bb4 24. Bc3 Bxc3 25. Rxc3 Ra1+ 26. Bf1 Bh3 27.
Rc1 Rxc1 28. Re1 Rxe1 29. f4 Rxf1# 0-1

[Event "Russian Championship B13 1st league 2016"]
[Site "Loo"]
[Date "2016.04.24"]
[Round "5.42"]
[White "Belousov, Aleksandr"]
[Black "Bokov, Egor"]
[Result "0-1"]
[WhiteElo "1389"]
[BlackElo "1615"]
[PlyCount "114"]
[EventDate "2016.04.20"]

1. e4 e6 2. Nf3 d5 3. exd5 exd5 4. d4 Nf6 5. Nc3 Be7 6. Be2 O-O 7. O-O Bg4 8.
h3 Bh5 9. Bg5 Nc6 10. Re1 Re8 11. Nh2 Bxe2 12. Rxe2 Qd7 13. Nf3 Rad8 14. Qd2
Ne4 15. Nxe4 dxe4 16. Rxe4 Bxg5 17. Rxe8+ Rxe8 18. Nxg5 Qxd4 19. Qxd4 Nxd4 20.
c3 Nc6 21. Kf1 f6 22. Nf3 Rd8 23. Ke2 Kf7 24. Rd1 Rxd1 25. Kxd1 Ke6 26. Ke2 Kd5
27. Kd3 f5 28. g3 a6 29. Nd4 Ne5+ 30. Kd2 g6 31. b3 c5 32. Ne2 Ke4 33. Ng1 Nf3+
34. Nxf3 Kxf3 35. Ke1 Kg2 36. h4 Kf3 37. Kf1 f4 38. gxf4 Kxf4 39. Kg2 Kg4 40.
f3+ Kxh4 41. Kh2 Kg5 42. Kg3 h5 43. f4+ Kf5 44. Kf3 h4 45. a4 a5 46. c4 h3 47.
Kg3 h2 48. Kxh2 Kxf4 49. Kg2 Ke3 50. Kg3 Kd3 51. Kf4 Kc3 52. Kg5 Kxb3 53. Kxg6
Kxc4 54. Kf5 Kd5 55. Kf4 Kd4 56. Kf3 Kd3 57. Kf2 Kd2 0-1

[Event "Russian Championship B13 1st league 2016"]
[Site "Loo"]
[Date "2016.04.24"]
[Round "5.43"]
[White "Onishchenko, Gennady"]
[Black "Zotkaev, Basang"]
[Result "1-0"]
[WhiteElo "1612"]
[BlackElo "1386"]
[PlyCount "65"]
[EventDate "2016.04.20"]

1. e4 Nc6 2. d4 d5 3. exd5 Qxd5 4. Nf3 Bg4 5. Be3 Bxf3 6. gxf3 O-O-O 7. Nc3 Qa5
8. f4 e6 9. Bg2 Bb4 10. Qd3 Bxc3+ 11. Qxc3 Qxc3+ 12. bxc3 Nge7 13. Ke2 Nd5 14.
Bxd5 exd5 15. Rhg1 g6 16. Kd3 Na5 17. Rae1 Rhe8 18. Rb1 Nc4 19. f5 Rd6 20. fxg6
hxg6 21. Rg5 c6 22. Rg3 Rh8 23. Rf3 Nxe3 24. fxe3 Rd7 25. h3 f5 26. Rg1 Rg7 27.
c4 Kd7 28. cxd5 cxd5 29. Rxf5 Ke6 30. Rfg5 Kf6 31. R1g3 Rd8 32. Re5 Rd6 33.
Rf3# 1-0

[Event "Russian Championship B13 1st league 2016"]
[Site "Loo"]
[Date "2016.04.24"]
[Round "5.44"]
[White "Mizirenkov, Stepan Dmitriev"]
[Black "Brazhnikov, Dmitri"]
[Result "1-0"]
[WhiteElo "1567"]
[BlackElo "1359"]
[PlyCount "59"]
[EventDate "2016.04.20"]

1. d4 d5 2. Nc3 e6 3. Bf4 c5 4. e3 Nc6 5. Bb5 a6 6. Bxc6+ bxc6 7. Nf3 Bd6 8.
Bxd6 Qxd6 9. O-O Ne7 10. Na4 cxd4 11. exd4 Ng6 12. Re1 O-O 13. c3 f6 14. Nb6
Rb8 15. Nxc8 Rfxc8 16. b4 e5 17. dxe5 fxe5 18. Qb3 Rf8 19. Rad1 Rxf3 20. gxf3
Nh4 21. Re3 Qg6+ 22. Kf1 Qg2+ 23. Ke2 Rf8 24. c4 e4 25. cxd5 exf3+ 26. Kd3 Kh8
27. d6 Nf5 28. Qf7 Rd8 29. Re8+ Rxe8 30. Qxe8# 1-0

[Event "Russian Championship B13 1st league 2016"]
[Site "Loo"]
[Date "2016.04.24"]
[Round "5.45"]
[White "Rublevsky, Mikhail"]
[Black "Zuev, Aleksandr"]
[Result "0-1"]
[WhiteElo "1237"]
[BlackElo "1563"]
[PlyCount "56"]
[EventDate "2016.04.20"]

1. e4 c5 2. Nf3 d6 3. Bb5+ Bd7 4. Bxd7+ Nxd7 5. O-O Ngf6 6. Re1 e6 7. c3 Be7 8.
d4 cxd4 9. cxd4 O-O 10. h3 Nb6 11. b3 Rc8 12. Bb2 h6 13. Nc3 Nh7 14. Qd2 Ng5
15. Nxg5 Bxg5 16. f4 Bf6 17. Rad1 a6 18. e5 dxe5 19. fxe5 Bg5 20. Qd3 Nd5 21.
Nxd5 Qxd5 22. Qe4 Qxe4 23. Rxe4 Rc2 24. Rb1 Rfc8 25. Kf1 Rd2 26. Re2 Rcc2 27.
Rxd2 Rxd2 28. g3 Be3 0-1

[Event "Russian Championship B13 1st league 2016"]
[Site "Loo"]
[Date "2016.04.24"]
[Round "5.46"]
[White "Styazhkin, Nikita"]
[Black "Frolov, Artem"]
[Result "0-1"]
[WhiteElo "1562"]
[BlackElo "1359"]
[PlyCount "116"]
[EventDate "2016.04.20"]

1. e4 e6 2. Nf3 d5 3. Nc3 Nf6 4. e5 Nfd7 5. d4 c5 6. dxc5 Bxc5 7. Bd3 Nc6 8.
Qe2 a6 9. Bf4 Qb6 10. Rb1 Bb4 11. O-O Bxc3 12. bxc3 Qa5 13. c4 dxc4 14. Bxc4 b5
15. Bb3 Bb7 16. Qd3 Rd8 17. Qe3 Ne7 18. Bg5 Bxf3 19. gxf3 h6 20. Bxe7 Kxe7 21.
f4 Qb6 22. Rbd1 Qc7 23. Qg3 Rhg8 24. Kh1 Nf8 25. Qh4+ Ke8 26. Rxd8+ Qxd8 27.
Qxd8+ Kxd8 28. f5 Ke7 29. fxe6 Nxe6 30. Rd1 Rd8 31. Rxd8 Nxd8 32. Kg2 Nc6 33.
f4 Nd4 34. Kg3 g6 35. c3 Ne2+ 36. Kf3 Nxc3 37. Ke3 a5 38. Kd3 b4 39. a3 f6 40.
axb4 axb4 41. Kc4 Ne2 42. Kxb4 Nxf4 43. exf6+ Kxf6 44. Kc3 Kg5 45. Kd4 Kh4 46.
Ke4 g5 47. Kf5 Kh3 48. Bf7 Kh4 49. Bc4 h5 50. Bf1 Nd5 51. Ke4 Nf6+ 52. Kf5 Ng4
53. Ke4 Nxh2 54. Ba6 Kg3 55. Kf5 g4 56. Kg5 h4 57. Bb7 h3 58. Bc8 Nf3+ 0-1

[Event "Russian Championship B13 1st league 2016"]
[Site "Loo"]
[Date "2016.04.24"]
[Round "5.48"]
[White "Zaspanov, Konstantin"]
[Black "Poiseev, Nikita"]
[Result "1-0"]
[WhiteElo "1527"]
[BlackElo "1323"]
[PlyCount "95"]
[EventDate "2016.04.20"]

1. e4 d6 2. d4 Nf6 3. Nc3 g6 4. Be3 Bg7 5. Qd2 Ng4 6. Bg5 h6 7. Bf4 e5 8. dxe5
Nxe5 9. O-O-O Nbc6 10. h3 Be6 11. a3 Qf6 12. Bb5 a6 13. Be2 Rb8 14. Be3 Na5 15.
Bd4 Nac6 16. Nf3 Nxd4 17. Nxd4 h5 18. Nxe6 fxe6 19. f4 Bh6 20. g3 Nc6 21. Kb1
Ne7 22. Qd3 Bg7 23. Rhf1 d5 24. e5 Qf5 25. g4 Qxd3 26. Rxd3 hxg4 27. hxg4 Rh2
28. Bf3 Kd7 29. f5 gxf5 30. gxf5 Nxf5 31. Bxd5 exd5 32. Rxf5 Ke6 33. Rg5 Bh6
34. Rg1 c6 35. Na4 Kxe5 36. Rb3 Rf2 37. Nc5 Rf7 38. Nxa6 Ra8 39. Nc5 b5 40.
Nd3+ Ke6 41. Nc5+ Ke5 42. Rg6 Rf1+ 43. Ka2 Bf8 44. Nd3+ Kd4 45. Rxc6 Ra5 46.
Rg6 Kc4 47. Ne5+ Kd4 48. Nc6+ 1-0

[Event "Russian Championship B13 1st league 2016"]
[Site "Loo"]
[Date "2016.04.24"]
[Round "5.51"]
[White "Buyukli, Egor"]
[Black "Zhivotovskii, Dmitrii"]
[Result "1-0"]
[WhiteElo "1754"]
[BlackElo "1457"]
[PlyCount "97"]
[EventDate "2016.04.20"]

1. d4 d5 2. c4 dxc4 3. e3 e6 4. Bxc4 c5 5. Nf3 Nf6 6. O-O a6 7. a4 b6 8. Qe2
Bb7 9. Rd1 Qc7 10. b3 Be7 11. Bb2 O-O 12. Na3 Nc6 13. Rac1 Nb4 14. e4 Rfd8 15.
h3 a5 16. Nb5 Qc8 17. dxc5 Bxc5 18. e5 Nfd5 19. Bd4 Nc7 20. Bxc5 bxc5 21. Nd6
Qb8 22. Ng5 Rf8 23. Ngxf7 Rxf7 24. Nxf7 Kxf7 25. Rd7+ Kg8 26. Qh5 Qf8 27. Rxc7
Bc6 28. Bxe6+ Kh8 29. Bf5 Qg8 30. Qf7 Qxf7 31. Rxf7 Rb8 32. Rxc5 Kg8 33. Rc7
Kh8 34. R5xc6 Nxc6 35. Rxc6 Kg8 36. Rc8+ Rxc8 37. Bxc8 Kf7 38. e6+ Ke7 39. Kf1
h6 40. Ke2 g6 41. Ke3 h5 42. f4 h4 43. Ke4 Ke8 44. Kd5 Ke7 45. Ke5 Ke8 46. Kd6
Kf8 47. e7+ Ke8 48. Ke6 g5 49. Bd7# 1-0

[Event "Russian Championship B13 1st league 2016"]
[Site "Loo"]
[Date "2016.04.24"]
[Round "5.52"]
[White "Zyryanov, Konstantin"]
[Black "Zhanazarov, Iskander"]
[Result "1-0"]
[WhiteElo "1414"]
[BlackElo "1746"]
[PlyCount "117"]
[EventDate "2016.04.20"]

1. e4 c5 2. c3 Nf6 3. e5 Nd5 4. d4 cxd4 5. Qxd4 Nc7 6. Nf3 Nc6 7. Qe4 g6 8. Bc4
Bg7 9. O-O O-O 10. Bg5 Ne6 11. Bh4 Qc7 12. Bg3 b6 13. Re1 Bb7 14. Qe2 Rac8 15.
Nbd2 h6 16. Rad1 g5 17. h4 Nf4 18. Bxf4 gxf4 19. Bd3 Nd8 20. Bc2 f6 21. exf6
exf6 22. Qd3 f5 23. Nb3 d5 24. Nbd4 Qd7 25. Nxf5 Rf7 26. Nxg7 Rxg7 27. Qf5 Qf7
28. Qxf7+ Rxf7 29. Re8+ Kg7 30. Rde1 Nc6 31. Rxc8 Bxc8 32. Bb3 Rd7 33. Ba4 Rd6
34. Bxc6 Rxc6 35. Re5 Rd6 36. Nd4 Kf6 37. Re1 Bd7 38. g3 fxg3 39. fxg3 h5 40.
Kf2 Bg4 41. Re3 a5 42. Nf3 Re6 43. Rxe6+ Kxe6 44. Ke3 Bxf3 45. Kxf3 Kf5 46. a4
Ke5 47. g4 hxg4+ 48. Kxg4 d4 49. cxd4+ Kxd4 50. h5 Kc4 51. h6 Kb4 52. h7 Kxa4
53. h8=Q b5 54. Qg8 b4 55. b3+ Ka3 56. Qc4 a4 57. bxa4 Kxa4 58. Qa2+ Kb5 59.
Qb3 1-0

[Event "Russian Championship B13 1st league 2016"]
[Site "Loo"]
[Date "2016.04.24"]
[Round "5.53"]
[White "Voropaev, Fedor"]
[Black "Goroshkov, Mikhail"]
[Result "1/2-1/2"]
[WhiteElo "1740"]
[BlackElo "1452"]
[PlyCount "137"]
[EventDate "2016.04.20"]

1. d4 d5 2. c4 e6 3. Nc3 Nf6 4. Bg5 dxc4 5. e4 Be7 6. Bxf6 Bxf6 7. e5 Be7 8.
Bxc4 c5 9. d5 exd5 10. Qxd5 Qxd5 11. Nxd5 Bd8 12. O-O-O O-O 13. Nf3 Nc6 14.
Rhe1 Bg4 15. Rd3 a6 16. h3 Bxf3 17. Rxf3 b5 18. Bd3 Nd4 19. Rg3 Bh4 20. Rg4 Bd8
21. Nf6+ Bxf6 22. exf6 g6 23. Re5 h5 24. Rxh5 Ne6 25. Rh6 Ng7 26. fxg7 Kxg7 27.
Rh5 c4 28. Bc2 Rfe8 29. Rd5 Re2 30. Rd2 Re1+ 31. Rd1 Re2 32. Rf4 Re5 33. Be4
Rae8 34. Bd5 R8e7 35. Bf3 g5 36. Rfd4 Re1 37. Rxe1 Rxe1+ 38. Rd1 Re6 39. Kc2 f5
40. Kc3 Rg6 41. Rd4 Re6 42. Kb4 Kf6 43. Rd5 Re5 44. a4 bxa4 45. Kxa4 Ke6 46.
Rxe5+ Kxe5 47. g4 f4 48. Kb4 Kd4 49. Be2 a5+ 50. Kxa5 c3 51. bxc3+ Kxc3 52. Kb5
Kd2 53. h4 gxh4 54. Bf1 Ke1 55. Bh3 Kxf2 56. g5 Kg3 57. g6 f3 58. g7 Kxh3 59.
g8=Q f2 60. Qf7 Kg2 61. Qg6+ Kh2 62. Qf5 Kg1 63. Qg4+ Kf1 64. Kc4 h3 65. Qxh3+
Kg1 66. Qg3+ Kh1 67. Qh3+ Kg1 68. Qg3+ Kh1 69. Qxf2 1/2-1/2

[Event "Russian Championship B13 1st league 2016"]
[Site "Loo"]
[Date "2016.04.24"]
[Round "5.54"]
[White "Krivich, Ilya"]
[Black "Smirnov, Mark A"]
[Result "0-1"]
[WhiteElo "1442"]
[BlackElo "1637"]
[PlyCount "62"]
[EventDate "2016.04.20"]

1. d4 Nf6 2. c4 e6 3. Nc3 Bb4 4. a3 Bxc3+ 5. bxc3 b6 6. f3 Ba6 7. e4 d6 8. Bd3
O-O 9. Ne2 Nc6 10. Bg5 h6 11. Bh4 g5 12. Bf2 Na5 13. O-O Bxc4 14. Bxc4 Nxc4 15.
Qd3 b5 16. f4 d5 17. fxg5 dxe4 18. Qc2 hxg5 19. h4 Nd5 20. Rfe1 f5 21. Bg3 gxh4
22. Be5 Qg5 23. Nc1 Nde3 24. Qf2 f4 25. Ne2 f3 26. Nf4 Nxe5 27. Nxe6 Qg3 28.
Rxe3 Qxf2+ 29. Kxf2 Ng4+ 30. Kg1 f2+ 31. Kh1 f1=Q+ 0-1

[Event "Russian Championship B13 1st league 2016"]
[Site "Loo"]
[Date "2016.04.24"]
[Round "5.55"]
[White "Novikov, Ivan"]
[Black "Klykov, Georgy"]
[Result "1-0"]
[WhiteElo "1330"]
[BlackElo "1519"]
[PlyCount "81"]
[EventDate "2016.04.20"]

1. Nf3 d5 2. g3 Nf6 3. Bg2 c6 4. O-O Bf5 5. d3 e6 6. b3 Be7 7. Bb2 O-O 8. Nbd2
a5 9. a3 Na6 10. h3 h6 11. c4 Qd7 12. Qc2 Rac8 13. Bc3 a4 14. b4 b5 15. cxb5
cxb5 16. Qb2 Nb8 17. Rac1 Nc6 18. Nd4 Nxd4 19. Bxd4 Rxc1 20. Rxc1 Rc8 21. Nf3
Rc7 22. Be5 Rxc1+ 23. Qxc1 Ne8 24. Nd4 Bg6 25. Qc6 Qxc6 26. Nxc6 Bd6 27. f4 f6
28. Bd4 Bc7 29. Ne7+ Kf7 30. Nxg6 Kxg6 31. e4 e5 32. f5+ Kf7 33. Bc5 d4 34. Bf3
g6 35. fxg6+ Kxg6 36. Bg4 Bd6 37. Bd7 Bxc5 38. Bxe8+ Kg5 39. bxc5 f5 40. exf5
Kxf5 41. Bxb5 1-0

[Event "Russian Championship B13 1st league 2016"]
[Site "Loo"]
[Date "2016.04.24"]
[Round "5.56"]
[White "Zhuk, Kirill"]
[Black "Nedelko, Nikita"]
[Result "1/2-1/2"]
[WhiteElo "1515"]
[BlackElo "1439"]
[PlyCount "148"]
[EventDate "2016.04.20"]

1. e4 e6 2. d3 d5 3. Nd2 Nf6 4. Ngf3 c5 5. g3 g6 6. Bg2 Bg7 7. O-O O-O 8. c3
Nc6 9. Re1 b5 10. Qe2 a5 11. e5 Nd7 12. d4 cxd4 13. cxd4 Qb6 14. Qe3 Ba6 15.
Nf1 Rac8 16. Bd2 b4 17. Rac1 a4 18. h4 Bxf1 19. Rxf1 Na5 20. b3 axb3 21. axb3
Nc6 22. Qd3 Ra8 23. Ra1 Ra3 24. h5 Rfa8 25. Rxa3 bxa3 26. hxg6 hxg6 27. Ra1 a2
28. Be3 Rb8 29. Qc3 Qxb3 30. Qxb3 Rxb3 31. Rxa2 Nb4 32. Ra8+ Nf8 33. Rb8 Rb1+
34. Bf1 Rb2 35. Bc1 Rc2 36. Bg5 Nc6 37. Ra8 Rb2 38. Be3 Rb8 39. Rxb8 Nxb8 40.
Bb5 Nbd7 41. Nd2 Nb6 42. Bg5 Nh7 43. Bd8 Nc4 44. Nxc4 dxc4 45. Bxc4 Bh6 46. d5
exd5 47. Bxd5 Ng5 48. f4 Ne6 49. Be7 Nd4 50. Bc5 Ne6 51. Be7 Nd4 52. Kf2 Ne6
53. Kf3 Nd4+ 54. Kf2 Ne6 55. Bxe6 fxe6 56. Ke3 Kf7 57. Bf6 Bf8 58. Kf3 Bc5 59.
Kg4 Bf8 60. Bh4 Bc5 61. Kg5 Bf2 62. g4 Bc5 63. Kh6 Be3 64. Bg3 Bd4 65. Kg5 Be3
66. Kh4 Bc5 67. Kh3 Bd4 68. Kg2 Bc5 69. Kf3 Bd4 70. Ke4 Bc5 71. f5 gxf5+ 72.
gxf5 exf5+ 73. Kxf5 Ke8 74. Ke6 Bd4 1/2-1/2

[Event "Russian Championship B13 1st league 2016"]
[Site "Loo"]
[Date "2016.04.24"]
[Round "5.57"]
[White "Konovalov, Artem"]
[Black "Edgeev, Danzan"]
[Result "1/2-1/2"]
[WhiteElo "1497"]
[BlackElo "1376"]
[PlyCount "81"]
[EventDate "2016.04.20"]

1. e4 c6 2. d4 d5 3. e5 Bf5 4. h4 h6 5. Bd3 Bxd3 6. Qxd3 e6 7. Nf3 Nd7 8. Nbd2
c5 9. dxc5 Bxc5 10. Nb3 Bb6 11. O-O Ne7 12. c4 O-O 13. Bd2 dxc4 14. Qxc4 Nd5
15. Bb4 Rc8 16. Qe4 Nc5 17. Bxc5 Bxc5 18. Nxc5 Rxc5 19. Rac1 Qc7 20. Rxc5 Qxc5
21. Qd4 Rc8 22. Qxc5 Rxc5 23. Nd4 Nf4 24. Nf3 Nd3 25. b3 Nxe5 26. Nxe5 Rxe5 27.
Rc1 Ra5 28. Rc8+ Kh7 29. Rc7 Kg6 30. Rxb7 Rxa2 31. b4 a6 32. b5 axb5 33. Rxb5
Kf6 34. f3 Re2 35. Rb7 h5 36. Ra7 g6 37. Ra5 Re5 38. Ra7 Rf5 39. Rb7 g5 40.
hxg5+ Kxg5 41. Rb4 1/2-1/2

[Event "Russian Championship B13 1st league 2016"]
[Site "Loo"]
[Date "2016.04.24"]
[Round "5.58"]
[White "Usubov, Bogdan"]
[Black "Volf, Sergey"]
[Result "0-1"]
[WhiteElo "1493"]
[BlackElo "1356"]
[PlyCount "112"]
[EventDate "2016.04.20"]

1. e4 c5 2. Nf3 Nc6 3. Nc3 g6 4. d4 cxd4 5. Nxd4 Bg7 6. Ndb5 a6 7. Na3 Nf6 8.
g3 d6 9. Bg2 O-O 10. Nc4 Be6 11. Ne3 Ne5 12. O-O Rb8 13. Ned5 Nxd5 14. Nxd5
Bxd5 15. exd5 Qc7 16. Be3 Nc4 17. Bd4 Bxd4 18. Qxd4 Nb6 19. Rfe1 Rfe8 20. Re2
Rbc8 21. Rae1 Qd8 22. c3 Rc4 23. Qd2 Rc5 24. Qg5 e5 25. Qxd8 Rxd8 26. Rd2 Nc4
27. b4 Rc7 28. Rd3 Rdc8 29. Rc1 Nb2 30. Rd2 Na4 31. Bh3 f5 32. Rdc2 Nxc3 33.
Kf1 Nxd5 34. Rxc7 Rxc7 35. Rd1 Nxb4 36. Rxd6 Nxa2 37. Bg2 e4 38. f3 Nc3 39.
fxe4 Nxe4 40. Bxe4 fxe4 41. Re6 Rc4 42. Rb6 Rc7 43. Re6 a5 44. Rxe4 b5 45. Re5
Rb7 46. Ke2 a4 47. Kd3 a3 48. Kc3 b4+ 49. Kb3 Kf7 50. h4 Kf6 51. Rc5 Ke7 52.
Rd5 Ke6 53. Rd8 Ra7 54. Kxb4 a2 55. Re8+ Kd5 56. Re1 a1=Q 0-1

[Event "Russian Championship B13 1st league 2016"]
[Site "Loo"]
[Date "2016.04.24"]
[Round "5.62"]
[White "Levkin, Lev"]
[Black "Yusupov, Mark"]
[Result "1-0"]
[WhiteElo "1753"]
[BlackElo "1338"]
[PlyCount "67"]
[EventDate "2016.04.20"]

1. d4 d5 2. c4 Bf5 3. cxd5 Qxd5 4. Nc3 Qd7 5. e4 Bg6 6. Bf4 e6 7. Bd3 Bb4 8.
Nge2 Ne7 9. O-O Nbc6 10. a3 Ba5 11. Be3 O-O 12. b4 Bb6 13. Bb5 Rad8 14. Qd2 Qd6
15. Rad1 a6 16. Ba4 Ba7 17. f4 b5 18. Bc2 f6 19. Bb3 Kh8 20. g4 e5 21. fxe5
fxe5 22. d5 Qd7 23. h3 Qd6 24. Kh1 Bxe3 25. Qxe3 Nb8 26. h4 Rg8 27. Nc1 Nd7 28.
h5 Be8 29. Nd3 c6 30. Nc5 Nxc5 31. bxc5 cxd5 32. cxd6 d4 33. Qd3 dxc3 34. dxe7
1-0

[Event "Russian Championship B13 1st league 2016"]
[Site "Loo"]
[Date "2016.04.24"]
[Round "5.63"]
[White "Mamedov, Amin"]
[Black "Kostenko, Kirill"]
[Result "1/2-1/2"]
[WhiteElo "1358"]
[BlackElo "1614"]
[PlyCount "97"]
[EventDate "2016.04.20"]

1. d4 d5 2. c4 e6 3. Nc3 Nf6 4. Nf3 Be7 5. Bg5 O-O 6. e3 Nbd7 7. Bd3 b6 8. cxd5
Nxd5 9. Bxe7 Qxe7 10. Nxd5 exd5 11. O-O h6 12. Bc2 Ba6 13. Re1 f5 14. Bb3 Bb7
15. Qc2 c5 16. dxc5 Nxc5 17. Rad1 Nxb3 18. Qxb3 Kh8 19. Nd4 Rae8 20. h3 Qd7 21.
Qa3 a6 22. Kh2 Rf7 23. Qd3 Qd6+ 24. Kg1 g6 25. h4 Ref8 26. g3 Qf6 27. Rc1 Re7
28. Re2 g5 29. hxg5 hxg5 30. Rec2 Rff7 31. Kg2 f4 32. exf4 gxf4 33. Rh1+ Kg8
34. g4 Rh7 35. Rcc1 Ref7 36. f3 Rxh1 37. Rxh1 Bc8 38. b3 Rg7 39. Kf2 Re7 40. a4
Kf8 41. Qc3 Bd7 42. Re1 Qh4+ 43. Kf1 Qh3+ 44. Kf2 Qh2+ 45. Kf1 Qh3+ 46. Kf2
Qg3+ 47. Kf1 Rxe1+ 48. Qxe1 Qxe1+ 49. Kxe1 1/2-1/2